| 000 | 00755nam a2200205 a 4500 | ||
|---|---|---|---|
| 001 | 3620 | ||
| 005 | 20140414132030.0 | ||
| 008 | 040603s19uu xx 00 eng d | ||
| 020 | _a1-58089-005-9 | ||
| 050 |
_aTR _bOH9 1995 |
||
| 100 | _aTrapani, Iza | ||
| 245 |
_aOh where, oh where has my little dog gone? / _cas told and illustrated by Iza Trapani. |
||
| 260 |
_aDallas : _bWhispering Coyote Press, _c1995. |
||
| 300 | _a1 v. (unp.) : ill. ; cm. | ||
| 500 | _aTR/PS | ||
| 520 | _aAn expanded version of the well-known song, in which the dog runs away from home and explores the desert, mountains and oceans before deciding that home is best music. | ||
| 650 |
_aChildren's songs _xTexts. |
||
| 650 |
_aDogs _xSongs and music. |
||
| 999 |
_c113619 _d113619 |
||